[Event "Tenerife-chT Preferente"]
[Site "Tenerife"]
[Date "2022.02.19"]
[Round "4.2"]
[White "Mendez Acosta, Alexander Jesus"]
[Black "Evora Brondo, Jose Luis"]
[Result "1-0"]
[WhiteElo "2041"]
[BlackElo "1981"]
[PlyCount "81"]
[EventDate "2022.01.29"]
[EventType "team-tourn"]
[EventRounds "14"]
[EventCountry "ESP"]
[SourceTitle "EXT 2024"]
[Source "ChessBase"]
[SourceDate "2023.10.10"]
[SourceVersion "1"]
[SourceVersionDate "2023.10.10"]
[SourceQuality "1"]
[WhiteTeam "Al Shah Mat Los Realejos"]
[BlackTeam "Circulo de Amistad XII Enero"]
[WhiteTeamCountry "ESP"]
[BlackTeamCountry "ESP"]

1. c4 c5 2. Nc3 Nc6 3. g3 g6 4. Bg2 Bg7 5. Nf3 d6 6. 0-0 Nf6 7. d4 cxd4 8. Nxd4 Bd7 9. Nb3 0-0 10. Bf4 Nh5 11. Bg5 h6 12. Bd2 Be6 13. Nd5 Ne5 14. Qc1 Kh7 15. Nd4 Bd7 16. Nf3 Rc8 17. Nxe5 dxe5 18. Bb4 Re8 19. a4 e6 20. Ne3 Bc6 21. Bxc6 Rxc6 22. Rd1 Qb6 23. Qd2 Rcc8 24. a5 Qc6 25. Qd7 Kg8 26. Qxc6 Rxc6 27. Rd7 Rb8 28. Rad1 Nf6 29. Rd8+ Rxd8 30. Rxd8+ Kh7 31. Rb8 Rc7 32. Bd6 Rd7 33. Bxe5 g5 34. b4 Kg6 35. Ra8 a6 36. Rc8 Ne4 37. Bxg7 Kxg7 38. b5 axb5 39. cxb5 Nd2 40. b6 Nb3 41. Rc7 1-0

[Event "Tenerife-chT Preferente"]
[Site "Tenerife"]
[Date "2022.02.12"]
[Round "3.2"]
[White "Almenares Garcia, Mario Adrian"]
[Black "Evora Brondo, Jose Luis"]
[Result "1/2-1/2"]
[WhiteElo "1992"]
[BlackElo "1981"]
[PlyCount "142"]
[EventDate "2022.01.29"]
[EventType "team-tourn"]
[EventRounds "14"]
[EventCountry "ESP"]
[SourceTitle "EXT 2024"]
[Source "ChessBase"]
[SourceDate "2023.10.10"]
[SourceVersion "1"]
[SourceVersionDate "2023.10.10"]
[SourceQuality "1"]
[WhiteTeam "El Sauzal"]
[BlackTeam "Circulo de Amistad XII Enero"]
[WhiteTeamCountry "ESP"]
[BlackTeamCountry "ESP"]

1. d4 e6 2. Nf3 d5 3. e3 Nf6 4. Be2 c5 5. 0-0 Nc6 6. b3 Be7 7. Bb2 0-0 8. Nbd2 Bd7 9. c4 cxd4 10. exd4 dxc4 11. bxc4 Qa5 12. Nb3 Qf5 13. Bd3 Qh5 14. Ne5 Qxd1 15. Raxd1 Rfd8 16. Be2 Be8 17. Bf3 Rac8 18. g3 b6 19. Kg2 Rc7 20. Nxc6 Bxc6 21. d5 exd5 22. Bxf6 Bxf6 23. cxd5 Bb7 24. Rfe1 Kf8 25. Re2 a5 26. d6 Bxf3+ 27. Kxf3 Rcd7 28. Red2 Bc3 29. Rd3 Bb4 30. a3 Bxa3 31. Nxa5 Rxd6 32. Rxd6 Rxd6 33. Rxd6 Bxd6 34. Nb3 Ke7 35. Ke4 Ke6 36. Nd4+ Kd7 37. f4 Bc5 38. Nf3 f6 39. Kd5 Bf8 40. Nd4 g6 41. h3 Be7 42. g4 Bd6 43. f5 Be5 44. Ne6 Bd6 45. h4 gxf5 46. gxf5 b5 47. h5 b4 48. Nd4 Be5 49. Nb3 Ke7 50. Kc4 Bc3 51. Kd5 Be5 52. Kc5 Bc3 53. Kd5 Kf7 54. h6 Be5 55. Kc5 Bc3 56. Kd6 Be5+ 57. Kc5 Bf4 58. Kxb4 Bxh6 59. Kc4 Bg5 60. Kd5 h5 61. Ke4 Ke7 62. Nd4 Kd6 63. Nb5+ Kc5 64. Nc7 Kd6 65. Nb5+ Kc5 66. Nc7 Kc4 67. Ne6 Bd2 68. Ng7 h4 69. Kf3 Kd3 70. Kg4 Bg5 71. Ne6 Ke3 1/2-1/2

[Event "Tenerife-chT Primera 1920"]
[Site "Tenerife "]
[Date "2020.01.25"]
[Round "5.1"]
[White "Mamani Beltran, Daniel"]
[Black "Evora Brondo, Jose Luis"]
[Result "0-1"]
[WhiteElo "1877"]
[BlackElo "1968"]
[PlyCount "120"]
[EventDate "2019.11.30"]
[EventType "team-tourn"]
[EventRounds "14"]
[EventCountry "ESP"]
[SourceTitle "CBM 195 Extra"]
[Source "ChessBase"]
[SourceDate "2020.05.31"]
[SourceVersion "1"]
[SourceVersionDate "2020.05.31"]
[SourceQuality "1"]
[WhiteTeam "Fundacion La Caja de Canarias II"]
[BlackTeam "Circulo de Amistad XII Enero"]
[WhiteTeamCountry "ESP"]
[BlackTeamCountry "ESP"]

1. d4 e6 2. c4 d5 3. Nc3 Nf6 4. cxd5 exd5 5. Qc2 Nc6 6. Nf3 Nb4 7. Qb1 g6 8. Nh4 Ng4 9. g3 Be7 10. a3 Bxh4 11. axb4 Be7 12. Qa2 Be6 13. Bg2 c6 14. b5 Qb6 15. h3 Nf6 16. bxc6 bxc6 17. 0-0 0-0 18. Rd1 Bd6 19. Bg5 Nd7 20. Rac1 Rab8 21. Na4 Qb5 22. Rd3 Rfc8 23. b3 Bf5 24. Re3 Qb4 25. g4 Be6 26. Rd3 Kg7 27. Bd2 Qb5 28. Bf1 Qb7 29. f4 Qc7 30. Rf3 f6 31. Nc5 Nxc5 32. dxc5 Bf8 33. Bc3 Bxc5+ 34. e3 Qb6 35. Qd2 Kf7 36. g5 fxg5 37. fxg5+ Kg8 38. Be5 Rf8 39. Kf2 Rxf3+ 40. Kxf3 Rf8+ 41. Bf4 Be7 42. h4 d4 43. Bc4 c5 44. exd4 Bxc4 45. Rxc4 Qxb3+ 46. Rc3 Qd5+ 47. Kg3 cxd4 48. Rd3 Bc5 49. Qe2 Qf7 50. Rf3 a5 51. Bc1 Bd6+ 52. Kg2 Qd5 53. Kf2 Rxf3+ 54. Qxf3 Qa2+ 55. Qe2 Bg3+ 56. Kf3 Qxe2+ 57. Kxe2 Bxh4 58. Kd3 Bf2 59. Ke4 Kf7 60. Bb2 Be3 0-1

[Event "Tenerife-chT Primera 1920"]
[Site "Tenerife "]
[Date "2020.01.04"]
[Round "4.1"]
[White "Evora Brondo, Jose Luis"]
[Black "Santana Gamiz, Jose"]
[Result "1-0"]
[WhiteElo "1968"]
[BlackElo "1837"]
[PlyCount "27"]
[EventDate "2019.11.30"]
[EventType "team-tourn"]
[EventRounds "14"]
[EventCountry "ESP"]
[SourceTitle "CBM 195 Extra"]
[Source "ChessBase"]
[SourceDate "2020.05.31"]
[SourceVersion "1"]
[SourceVersionDate "2020.05.31"]
[SourceQuality "1"]
[WhiteTeam "Circulo de Amistad XII Enero"]
[BlackTeam "La Victoria 94"]
[WhiteTeamCountry "ESP"]
[BlackTeamCountry "ESP"]

1. e4 c5 2. Nf3 d6 3. d4 cxd4 4. Nxd4 Nf6 5. Nc3 a6 6. f4 b5 7. e5 dxe5 8. fxe5 Ng4 9. Bf4 Qb6 10. Be2 Nc6 11. Bxg4 Bxg4 12. Qxg4 Qxd4 13. Rd1 Qc4 14. Qd7# 1-0

[Event "Tenerife-chT Primera 1920"]
[Site "Tenerife "]
[Date "2019.12.14"]
[Round "2.1"]
[White "Delgado Delgado, Jose Miguel"]
[Black "Evora Brondo, Jose Luis"]
[Result "0-1"]
[WhiteElo "1796"]
[BlackElo "1968"]
[PlyCount "77"]
[EventDate "2019.11.30"]
[EventType "team-tourn"]
[EventRounds "14"]
[EventCountry "ESP"]
[SourceTitle "CBM 195 Extra"]
[Source "ChessBase"]
[SourceDate "2020.05.31"]
[SourceVersion "1"]
[SourceVersionDate "2020.05.31"]
[SourceQuality "1"]
[WhiteTeam "Playa San Juan"]
[BlackTeam "Circulo de Amistad XII Enero"]
[WhiteTeamCountry "ESP"]
[BlackTeamCountry "ESP"]

1. d4 Nf6 2. c4 e6 3. Nf3 d5 4. Nc3 Be7 5. Bg5 0-0 6. e3 c6 7. Bd3 Nbd7 8. Qc2 h6 9. Bh4 b6 10. cxd5 exd5 11. 0-0 Re8 12. Bg3 Bb7 13. h3 a5 14. Rac1 Ba6 15. Bxa6 Rxa6 16. Ne5 Nxe5 17. dxe5 Nd7 18. Rfd1 Nc5 19. f3 Bf8 20. Ne2 Qc8 21. a3 a4 22. Nd4 g6 23. e6 Kh7 24. exf7 Rxe3 25. Bf2 Re7 26. b4 axb3 27. Nxb3 Nxb3 28. Qxb3 Qa8 29. Qc3 c5 30. Qf6 Qb7 31. Rb1 Rxf7 32. Qc3 Rd7 33. Qf6 Bg7 34. Qe6 d4 35. Rdc1 b5 36. Qe8 Ra8 37. Qe6 Rc8 38. h4 c4 39. h5 0-1

[Event "Tenerife-chT Primera 1920"]
[Site "Tenerife "]
[Date "2019.11.30"]
[Round "1.1"]
[White "Evora Brondo, Jose Luis"]
[Black "Rodriguez Paz, Jose Manuel"]
[Result "1-0"]
[WhiteElo "1968"]
[BlackElo "1860"]
[PlyCount "37"]
[EventDate "2019.11.30"]
[EventType "team-tourn"]
[EventRounds "14"]
[EventCountry "ESP"]
[SourceTitle "CBM 195 Extra"]
[Source "ChessBase"]
[SourceDate "2020.05.31"]
[SourceVersion "1"]
[SourceVersionDate "2020.05.31"]
[SourceQuality "1"]
[WhiteTeam "Circulo de Amistad XII Enero"]
[BlackTeam "Ciberjaque Universidad"]
[WhiteTeamCountry "ESP"]
[BlackTeamCountry "ESP"]

1. e4 c5 2. Nf3 e6 3. d4 cxd4 4. Nxd4 a6 5. Nc3 Qc7 6. Bd3 Nf6 7. f4 d6 8. Be3 Be7 9. Qf3 0-0 10. 0-0-0 Nc6 11. h3 Nxd4 12. Bxd4 b5 13. Bxf6 Bxf6 14. e5 Bb7 15. Bxh7+ Kxh7 16. Qh5+ Kg8 17. exf6 Qc5 18. Nd5 Rac8 19. Ne7# 1-0

[Event "Tenerife-chT Primera 1718"]
[Site "Tenerife"]
[Date "2018.03.17"]
[Round "13.1"]
[White "Evora Brondo, Jose Luis"]
[Black "Septien Lopez, Valeriano"]
[Result "1/2-1/2"]
[WhiteElo "1978"]
[BlackElo "1873"]
[PlyCount "79"]
[EventDate "2017.11.11"]
[EventType "team-tourn"]
[EventRounds "14"]
[EventCountry "ESP"]
[SourceTitle "CBM 187 Extra"]
[Source "ChessBase"]
[SourceDate "2018.11.04"]
[SourceVersion "1"]
[SourceVersionDate "2018.11.04"]
[SourceQuality "1"]
[WhiteTeam "Circulo de Amistad XII Enero III"]
[BlackTeam "El Sauzal Gofio Plus II"]
[WhiteTeamCountry "ESP"]
[BlackTeamCountry "ESP"]

1. e4 c5 2. Nf3 Nc6 3. d4 cxd4 4. Nxd4 g6 5. Nc3 Bg7 6. Be3 Nf6 7. Be2 0-0 8. 0-0 d5 9. exd5 Nxd5 10. Nxd5 Nxd4 11. Bxd4 Qxd5 12. Bxg7 Qxd1 13. Raxd1 Kxg7 14. Bf3 Rb8 15. Rfe1 Be6 16. Bd5 Bxd5 17. Rxd5 e6 18. Rd7 Rfe8 19. Re3 Red8 20. Red3 Rxd7 21. Rxd7 e5 22. Kf1 Kf6 23. Ke2 Ke6 24. Rc7 h5 25. Ke3 Kf6 26. a4 Ke6 27. b4 f5 28. c3 h4 29. Rh7 Rc8 30. Kd3 Rd8+ 31. Kc2 Rd7 32. Rxh4 e4 33. Rh8 f4 34. Re8+ Kf5 35. Rf8+ Kg4 36. h3+ Kg5 37. Re8 Kf5 38. Rf8+ Kg5 39. Re8 Kf5 40. Rf8+ 1/2-1/2

[Event "Tenerife-chT Primera 1718"]
[Site "Tenerife"]
[Date "2018.03.10"]
[Round "12.1"]
[White "Perez Perez, Jose David"]
[Black "Evora Brondo, Jose Luis"]
[Result "0-1"]
[WhiteElo "1823"]
[BlackElo "1978"]
[PlyCount "56"]
[EventDate "2017.11.11"]
[EventType "team-tourn"]
[EventRounds "14"]
[EventCountry "ESP"]
[SourceTitle "CBM 187 Extra"]
[Source "ChessBase"]
[SourceDate "2018.11.04"]
[SourceVersion "1"]
[SourceVersionDate "2018.11.04"]
[SourceQuality "1"]
[WhiteTeam "Playa San Juan III"]
[BlackTeam "Circulo de Amistad XII Enero III"]
[WhiteTeamCountry "ESP"]
[BlackTeamCountry "ESP"]

1. d4 Nf6 2. Bf4 d5 3. e3 Bf5 4. c4 e6 5. Qb3 b6 6. Nf3 Bd6 7. Bg3 0-0 8. Nc3 Nc6 9. cxd5 exd5 10. Rc1 Na5 11. Qd1 c6 12. Be2 Bxg3 13. hxg3 Qd6 14. 0-0 h6 15. Bd3 Ne4 16. b3 Rac8 17. Qe2 Rfe8 18. Rfd1 Bg4 19. Qc2 Qe7 20. Be2 Nb7 21. Na4 Qf6 22. Qd3 Nbd6 23. Nb2 Rc7 24. b4 Rec8 25. Re1 Nb7 26. a3 c5 27. dxc5 bxc5 28. Qxd5 Qxb2 0-1

[Event "Tenerife-chT Primera 1718"]
[Site "Tenerife"]
[Date "2018.02.24"]
[Round "10.1"]
[White "Jimenez Arteaga, Angel"]
[Black "Evora Brondo, Jose Luis"]
[Result "1-0"]
[WhiteElo "1807"]
[BlackElo "1978"]
[PlyCount "51"]
[EventDate "2017.11.11"]
[EventType "team-tourn"]
[EventRounds "14"]
[EventCountry "ESP"]
[SourceTitle "CBM 187 Extra"]
[Source "ChessBase"]
[SourceDate "2018.11.04"]
[SourceVersion "1"]
[SourceVersionDate "2018.11.04"]
[SourceQuality "1"]
[WhiteTeam "Ebano Casa Venezuela III"]
[BlackTeam "Circulo de Amistad XII Enero III"]
[WhiteTeamCountry "ESP"]
[BlackTeamCountry "ESP"]

1. Nf3 Nc6 2. d4 d5 3. g3 Nf6 4. Bg2 e6 5. 0-0 Be7 6. b3 0-0 7. Bb2 b6 8. Nbd2 Bb7 9. Ne5 Nxe5 10. dxe5 Nd7 11. e4 dxe4 12. Nxe4 Qc8 13. Qg4 Kh8 14. Qh5 Nc5 15. Ba3 g6 16. Qh6 Bxe4 17. Bxe4 c6 18. Bg2 Qc7 19. Bb2 Rfd8 20. Rad1 Na6 21. Rd6 Nb8 22. Rfd1 Kg8 23. R1d3 a5 24. g4 Nd7 25. Rxd7 Rxd7 26. Rh3 1-0

[Event "Canarias-chT"]
[Site "San Cristobal de La Laguna"]
[Date "2017.06.24"]
[Round "4.1"]
[White "Evora Brondo, Jose Luis"]
[Black "Marin Dorta, Alejandro"]
[Result "1-0"]
[WhiteElo "1976"]
[BlackElo "1429"]
[PlyCount "69"]
[EventDate "2017.06.22"]
[EventType "team-swiss"]
[EventRounds "6"]
[EventCountry "ESP"]
[SourceTitle "EXT 2024"]
[Source "ChessBase"]
[SourceDate "2023.10.10"]
[SourceVersion "1"]
[SourceVersionDate "2023.10.10"]
[SourceQuality "1"]
[WhiteTeam "Circulo de Amistad XII Enero"]
[BlackTeam "Ebano Casa Venezuela Jovenas"]
[WhiteTeamCountry "ESP"]
[BlackTeamCountry "ESP"]

1. Nf3 Nf6 2. d4 d5 3. Bf4 g6 4. Nc3 Bg7 5. e3 0-0 6. Bd3 Nbd7 7. 0-0 c6 8. Qd2 c5 9. h3 a6 10. Ne5 c4 11. Be2 Re8 12. a4 Nf8 13. b3 cxb3 14. cxb3 Ne6 15. Bh2 Ng5 16. Rfc1 Nge4 17. Qe1 Bf5 18. a5 Nxc3 19. Qxc3 Rc8 20. Qb4 Rxc1+ 21. Rxc1 Bh6 22. Nf3 Bc8 23. Bc7 Qd7 24. Bb6 Qf5 25. g4 Qe4 26. Qd2 Bxg4 27. hxg4 Nxg4 28. Rc3 Nf6 29. Ne5 Qf5 30. Bf3 Ne4 31. Bxe4 Qxe4 32. Qd3 Qh4 33. Qe2 Qe4 34. Qf3 Qb1+ 35. Kg2 1-0

[Event "Tenerife-chT Segunda 1617"]
[Site "Tenerife"]
[Date "2017.02.04"]
[Round "6.1"]
[White "De Leon Rodriguez, Jose Carlos"]
[Black "Evora Brondo, Jose Luis"]
[Result "0-1"]
[WhiteElo "1653"]
[BlackElo "1949"]
[PlyCount "94"]
[EventDate "2016.12.10"]
[EventType "team-tourn"]
[EventRounds "15"]
[EventCountry "ESP"]
[SourceTitle "CBM 176 Extra"]
[Source "ChessBase"]
[SourceDate "2017.03.02"]
[SourceVersion "1"]
[SourceVersionDate "2017.03.02"]
[SourceQuality "1"]
[WhiteTeam "Al Shah Mat Los Realejos IV"]
[BlackTeam "Circulo de Amistad II"]
[WhiteTeamCountry "ESP"]
[BlackTeamCountry "ESP"]

1. d4 e6 2. Nf3 d5 3. e3 Nf6 4. Bd3 c5 5. b3 Nc6 6. a3 Qc7 7. Nbd2 Bd6 8. Bb2 cxd4 9. exd4 0-0 10. 0-0 e5 11. dxe5 Nxe5 12. Nxe5 Bxe5 13. Bxe5 Qxe5 14. Nf3 Qf4 15. Qd2 Qxd2 16. Nxd2 Bd7 17. Rfe1 Rfe8 18. Rxe8+ Rxe8 19. f3 Kf8 20. Kf2 Be6 21. Re1 Nd7 22. b4 g6 23. Nb3 Rc8 24. Nd4 Ke7 25. h4 a6 26. h5 Nf8 27. f4 Kd6 28. f5 gxf5 29. Nxf5+ Bxf5 30. Bxf5 Ne6 31. g4 h6 32. Re3 Rc4 33. c3 Ng7 34. Kg3 Ne6 35. Bxe6 fxe6 36. g5 hxg5 37. Rf3 Ke7 38. Kg2 Rh4 39. Rh3 Rxh3 40. Kxh3 Kf6 41. Kg4 e5 42. h6 e4 43. a4 b5 44. a5 Kg6 45. h7 Kxh7 46. Kxg5 e3 47. Kf4 e2 0-1

[Event "Tenerife-chT Primera 1516"]
[Site "Tenerife"]
[Date "2016.02.27"]
[Round "8.2"]
[White "Evora Brondo, Jose Luis"]
[Black "Hernandez Cabrera, Javier"]
[Result "1-0"]
[WhiteElo "1941"]
[BlackElo "1703"]
[PlyCount "59"]
[EventDate "2015.12.12"]
[EventType "team-tourn"]
[EventRounds "14"]
[EventCountry "ESP"]
[SourceTitle "EXT 2017"]
[Source "ChessBase"]
[SourceDate "2016.10.25"]
[SourceVersion "1"]
[SourceVersionDate "2016.10.25"]
[SourceQuality "1"]
[WhiteTeam "Circulo de Amistad"]
[BlackTeam "Los Realejos Shah Mat"]
[WhiteTeamCountry "ESP"]
[BlackTeamCountry "ESP"]

1. e4 e6 2. d4 d5 3. Nc3 Nf6 4. Bg5 Bb4 5. e5 h6 6. Bd2 Nfd7 7. Qg4 g6 8. a3 Ba5 9. b4 Bb6 10. Nf3 Qe7 11. Bd3 a5 12. b5 c5 13. bxc6 Nxc6 14. Nb5 Kd8 15. h4 Na7 16. a4 Nxb5 17. axb5 Kc7 18. 0-0 Nf8 19. Bb4 Qe8 20. Bd6+ Kd8 21. c4 dxc4 22. Bxc4 Bd7 23. Rfb1 Rc8 24. Nd2 Nh7 25. Qe4 f5 26. Qxb7 Bxd4 27. Rxa5 Bc5 28. Bxc5 Rxc5 29. Qb6+ Rc7 30. Ra7 1-0

[Event "Tenerife-chT Primera 1516"]
[Site "Tenerife"]
[Date "2016.01.23"]
[Round "5.1"]
[White "Evora Brondo, Jose Luis"]
[Black "Jimenez Arteaga, Angel"]
[Result "1/2-1/2"]
[WhiteElo "1941"]
[BlackElo "1904"]
[PlyCount "145"]
[EventDate "2015.12.12"]
[EventType "team-tourn"]
[EventRounds "14"]
[EventCountry "ESP"]
[SourceTitle "CBM 170 Extra"]
[Source "ChessBase"]
[SourceDate "2016.02.25"]
[SourceVersion "1"]
[SourceVersionDate "2016.02.25"]
[SourceQuality "1"]
[WhiteTeam "Circulo de Amistad"]
[BlackTeam "Casa de Venezuela"]
[WhiteTeamCountry "ESP"]
[BlackTeamCountry "ESP"]

1. e4 e6 2. d4 d5 3. e5 c5 4. c3 Nc6 5. Nf3 Nge7 6. Bd3 Ng6 7. 0-0 Be7 8. Be3 c4 9. Bc2 0-0 10. Nbd2 f6 11. exf6 gxf6 12. Bh6 Re8 13. h4 e5 14. dxe5 fxe5 15. Ng5 e4 16. b3 Nce5 17. bxc4 Bg4 18. f3 Nxh4 19. Ngxe4 dxe4 20. Nxe4 Qxd1 21. Rfxd1 Be6 22. c5 Nf5 23. Bg5 h6 24. Bf4 Nf7 25. Rab1 Rec8 26. Rxb7 Bxc5+ 27. Nxc5 Rxc5 28. Be4 Rac8 29. Rxa7 Rxc3 30. a4 Ra3 31. Ra6 Ng7 32. Bb7 Rc4 33. Ra8+ Kh7 34. Be4+ Bf5 35. Bd5 Rcxa4 36. Rxa4 Rxa4 37. Bc7 Ng5 38. Re1 Rd4 39. Bb3 Rd7 40. Bf4 N7e6 41. Be5 Nc5 42. Bc4 Be6 43. Bb5 Rb7 44. Bc6 Rb6 45. Be8 Nd3 46. Re3 Nxe5 47. Rxe5 Kg7 48. Ba4 Kf6 49. f4 Rb4 50. Ra5 Rxf4 51. Ra6 Ke5 52. Ra5+ Kd4 53. Bc6 Rf6 54. Ra4+ Kc5 55. Bb7 Bd7 56. Ra1 Rb6 57. Rc1+ Kd6 58. Rd1+ Ke7 59. Re1+ Kf6 60. Bd5 Rb2 61. Ba8 Bb5 62. Bd5 Rd2 63. Bb7 Be2 64. Bc6 Ne6 65. Bb7 Nd4 66. Bc8 Ke5 67. Kf2 Rc2 68. Bg4 Kf4 69. Bxe2 Rxe2+ 70. Rxe2 Nxe2 71. Kxe2 Kg3 72. Kf1 h5 73. Kg1 1/2-1/2

[Event "Tenerife-chT Primera 1516"]
[Site "Tenerife"]
[Date "2016.01.16"]
[Round "4.1"]
[White "Hoyas Cebrian, Lucas"]
[Black "Evora Brondo, Jose Luis"]
[Result "1-0"]
[WhiteElo "1983"]
[BlackElo "1941"]
[PlyCount "91"]
[EventDate "2015.12.12"]
[EventType "team-tourn"]
[EventRounds "14"]
[EventCountry "ESP"]
[SourceTitle "CBM 170 Extra"]
[Source "ChessBase"]
[SourceDate "2016.02.25"]
[SourceVersion "1"]
[SourceVersionDate "2016.02.25"]
[SourceQuality "1"]
[WhiteTeam "La Victoria 94"]
[BlackTeam "Circulo de Amistad"]
[WhiteTeamCountry "ESP"]
[BlackTeamCountry "ESP"]

1. c4 c5 2. g3 g6 3. Bg2 Bg7 4. Nc3 Nc6 5. d3 d6 6. Nf3 Nf6 7. 0-0 0-0 8. a3 Bd7 9. Rb1 Qc8 10. Re1 Ng4 11. Nd5 Re8 12. b4 e6 13. Ne3 Nxe3 14. Bxe3 Ne7 15. bxc5 dxc5 16. Nd2 Bc6 17. Ne4 Nf5 18. Bxc5 Bxe4 19. dxe4 Qxc5 20. exf5 Qxc4 21. fxe6 fxe6 22. Rxb7 Rad8 23. Qc1 Qd4 24. Qc7 Rf8 25. e3 Qf6 26. Qc2 Rc8 27. Qa2 Rb8 28. Reb1 Rxb7 29. Rxb7 Rf7 30. Rb4 Qa1+ 31. Qxa1 Bxa1 32. a4 Bc3 33. Rc4 Bd2 34. Bh3 Re7 35. Kf1 a5 36. Ke2 Bb4 37. f4 Kf7 38. e4 h6 39. e5 g5 40. Rc6 gxf4 41. gxf4 h5 42. Ke3 Ba3 43. Bf1 Bb2 44. Bd3 Rd7 45. Bc4 Bc1+ 46. Ke4 1-0

[Event "Tenerife-chT Primera 1516"]
[Site "Tenerife"]
[Date "2016.01.09"]
[Round "3.2"]
[White "Cordero Alamo, Ramon"]
[Black "Evora Brondo, Jose Luis"]
[Result "0-1"]
[WhiteElo "1416"]
[BlackElo "1941"]
[PlyCount "84"]
[EventDate "2015.12.12"]
[EventType "team-tourn"]
[EventRounds "14"]
[EventCountry "ESP"]
[SourceTitle "CBM 170 Extra"]
[Source "ChessBase"]
[SourceDate "2016.02.25"]
[SourceVersion "1"]
[SourceVersionDate "2016.02.25"]
[SourceQuality "1"]
[WhiteTeam "Laguna Cotelec II"]
[BlackTeam "Circulo de Amistad"]
[WhiteTeamCountry "ESP"]
[BlackTeamCountry "ESP"]

1. d4 e6 2. c4 d5 3. Nc3 Nf6 4. cxd5 exd5 5. Bg5 c6 6. e3 Bd6 7. Bd3 0-0 8. Nf3 Be6 9. 0-0 Nbd7 10. Re1 Qb6 11. Rb1 Rae8 12. Qc2 Bg4 13. Be2 Bh5 14. h3 h6 15. Bxf6 Nxf6 16. Rbc1 Bg6 17. Qd2 Ne4 18. Qd1 Qxb2 19. Nxe4 Bxe4 20. Bd3 Qb6 21. Rb1 Qc7 22. Bxe4 Rxe4 23. Re2 f5 24. Nd2 Re7 25. Nf3 Rfe8 26. Reb2 b6 27. Qc2 Qd7 28. Rb3 f4 29. Re1 Re6 30. Nh4 Re4 31. Nf3 c5 32. Nd2 Rxd4 33. exd4 Rxe1+ 34. Nf1 c4 35. Rf3 Qe6 36. Qd2 Qe2 37. Qxe2 Rxe2 38. a4 Ra2 39. Rc3 Rxa4 40. Nd2 Bb4 41. Rc2 Bxd2 42. Rxd2 c3 0-1

[Event "Tenerife-chT Primera 1516"]
[Site "Tenerife"]
[Date "2015.12.19"]
[Round "2.3"]
[White "Rodriguez Sabater, Lucia Iris"]
[Black "Evora Brondo, Jose Luis"]
[Result "0-1"]
[WhiteElo "1544"]
[BlackElo "1941"]
[PlyCount "44"]
[EventDate "2015.12.12"]
[EventType "team-tourn"]
[EventRounds "14"]
[EventCountry "ESP"]
[SourceTitle "CBM 170 Extra"]
[Source "ChessBase"]
[SourceDate "2016.02.25"]
[SourceVersion "1"]
[SourceVersionDate "2016.02.25"]
[SourceQuality "1"]
[WhiteTeam "El Sauzal II"]
[BlackTeam "Circulo de Amistad"]
[WhiteTeamCountry "ESP"]
[BlackTeamCountry "ESP"]

1. e4 e6 2. d4 d5 3. exd5 exd5 4. Nc3 Nf6 5. Nf3 c6 6. Bg5 Bd6 7. Qc1 0-0 8. Be2 Bg4 9. 0-0 Nbd7 10. Re1 Qb6 11. Bxf6 Nxf6 12. Rd1 Qc7 13. Rd3 Bf4 14. Qb1 Ne4 15. g3 Bd6 16. Nh4 Nxc3 17. bxc3 Bxe2 18. Qc1 f5 19. Qg5 Be7 20. Qe3 Bxh4 21. Qxe2 Rae8 22. Qh5 Bf6 0-1

[Event "Tenerife-chT Primera"]
[Site "Tenerife"]
[Date "2015.06.06"]
[Round "14.1"]
[White "Hidalgo Santana, Fernando"]
[Black "Evora Brondo, Jose Luis"]
[Result "1-0"]
[WhiteElo "2207"]
[BlackElo "1941"]
[PlyCount "64"]
[EventDate "2015.01.24"]
[EventType "swiss"]
[EventRounds "14"]
[EventCountry "ESP"]
[SourceTitle "EXT 2024"]
[Source "ChessBase"]
[SourceDate "2023.10.10"]
[SourceVersion "1"]
[SourceVersionDate "2023.10.10"]
[SourceQuality "1"]
[WhiteTeam "Universidad"]
[BlackTeam "Circulo de Amistad XII Enero"]
[WhiteTeamCountry "ESP"]
[BlackTeamCountry "ESP"]

1. e4 e5 2. Nf3 Nc6 3. d4 exd4 4. Nxd4 Bc5 5. Be3 Qf6 6. Nb5 Bxe3 7. fxe3 Qh4+ 8. g3 Qd8 9. Qg4 g6 10. Qf4 d6 11. N1c3 g5 12. Qf2 Be6 13. h3 a6 14. Nd4 Ne5 15. Bg2 Qd7 16. Nd5 0-0-0 17. b3 h5 18. 0-0-0 Bxd5 19. exd5 Ne7 20. Be4 Kb8 21. c4 Rdf8 22. Qc2 f5 23. Bg2 h4 24. Ne6 Rfg8 25. e4 fxe4 26. g4 Nd3+ 27. Kb1 Nf4 28. Qxe4 Nxg2 29. Qxg2 Ng6 30. Rhf1 Ne5 31. Rf5 Qe7 32. Qd2 Nf7 1-0

[Event "Tenerife-chT Primera"]
[Site "Tenerife"]
[Date "2015.04.25"]
[Round "10.1"]
[White "Evora Brondo, Jose Luis"]
[Black "Pinto Henriquez, Rodrigo"]
[Result "0-1"]
[WhiteElo "1941"]
[BlackElo "2158"]
[PlyCount "44"]
[EventDate "2015.01.24"]
[EventType "swiss"]
[EventRounds "14"]
[EventCountry "ESP"]
[SourceTitle "EXT 2024"]
[Source "ChessBase"]
[SourceDate "2023.10.10"]
[SourceVersion "1"]
[SourceVersionDate "2023.10.10"]
[SourceQuality "1"]
[WhiteTeam "Circulo de Amistad XII Enero"]
[BlackTeam "Achinet Gambito de Rey"]
[WhiteTeamCountry "ESP"]
[BlackTeamCountry "ESP"]

1. e4 e5 2. Nf3 Nc6 3. d4 exd4 4. Nxd4 Qh4 5. Nc3 Bb4 6. Qd3 Nf6 7. Bd2 Bxc3 8. Bxc3 Qxe4+ 9. Qxe4+ Nxe4 10. Nb5 Nxc3 11. Nxc7+ Kd8 12. Nxa8 Re8+ 13. Kd2 Ne4+ 14. Ke3 Ng3+ 15. Kf3 Nxh1 16. g3 b6 17. Kg2 Bb7 18. Kxh1 Bxa8 19. Bg2 Re2 20. b4 Bb7 21. c4 Kc7 22. a3 Ne5 0-1